000 01327nam a22002897a 4500
001 BD-DhSAU 8636
003 BD-DhSAU
005 20220922102233.0
008 150612b2009 bg a|||| m||| 00| 0 eng d
040 _aBD-DhSAU
082 _222
_a571.92
_bAh52
100 _aAhmed, Mariam
_eRegistration no. # 08-03172
245 _aEffect of seed treating chemicals and bau-biofungicide on alternaria blight (Alternaria brassicae ) of mustard /
_bMS thesis
_cMariam Ahmad
260 _aSher-e-Bangla Agricultural Uniersity :
_bDepartment of Plant Pathology,
_c2009.
300 _aviii, 70 p. :
_bill. ;
_c30 cm.
500 _aMS thesis of Department of Plant Pathology, Faculty of Agriculture, Sher-e-Bangla Agricultural University, Dhaka, Bangladesh
504 _aIncludes bibliographical reference.
590 _aerfat
650 _aPlant Pathology
650 _aEffect of seed treating chemicals and bau-biofungicide on alternaria
650 _aBlight (Alternaria brassicae ) of mustard
650 _aOnion caused by Alternaria porri
700 _aChowdhury M Salahuddin M
_eSuperviser
700 _aIslam, Md Rafiqul
_eCo-superviser
856 _yOnline Access
_uhttp://archive.saulibrary.edu.bd:8080/xmlui/handle/123456789/4284
942 _2ddc
_cTHESIS
999 _c8636
_d8636